Responses for Show #782 - Tuesday, January 19, 1988

Contestants

[<< previous game]

Jenny Church, a supervisor originally from Pensacola, Florida

Paul Tidwell, a tutor from Mission Hills, California

Jonathan Santore, a composer and graduate student originally from Greeneville, Tennessee (whose 1-day cash winnings total $10,001)

[next game >>]

Jeopardy! Round responses

THE REVOLUTIONARY WAR
SPORTS
FADS & FASHION
AFRICA ON FILM
AUTHORS
"BEAUTIFUL" MUSIC
    $100 19
Thomas Jefferson

Paul
    $100 6
Boston

Paul
    $100 16
(Paul: What are beavers?)

raccoon coats

JonathanPaul
    $100 26
Born Free

Jonathan
    $100 11
Tolstoy

Jonathan
    $100 1
O beautiful for spacious skies

Jonathan
    $200 20
Daniel Boone

Paul
    $200 7
Joe Louis

Paul
    $200 17
crinolines

Jonathan
    $200 25
the Nile

Jenny
    $200 12
Nazi Germany

Jonathan
    $200 2
"Beautiful Girls"

Triple Stumper
    $300 21
Yale

Paul
    $300 8
(Jenny: What is catch it?)

kick it

PaulJenny
    $300 18
Animal House

Paul
    $300 24
Entebbe

Jenny
    $300 13
Henry Miller

Paul
    $300 3
(Jonathan: What is [*] to me?)

"You Are So Beautiful"

Jonathan
    $800 22
(Paul: What was the Declaration of Independence?)

Liberty Bell

Paul
    $400 9
(Paul: What is uh, football?)

NBA (National Basketball)

JonathanPaul
    $400 27
(Jenny: What is tennis?)

bicycling

Jenny
Triple Stumper
    $400 14
Boccaccio

Paul
    $400 4
(Alex: In its own way.)

"Everything Is Beautiful"

Jonathan
    $500 23
(Alex: We've got less than a minute to go, Paul.)

Sam Adams

Triple Stumper
    $500 10
Kenesaw Mountain Landis

Jonathan
    $500 28
[The end-of-round signal sounds.]

Brooke Shields

Triple Stumper
    $500 15
Antoine de Saint-Exupéry

Jenny
    $500 5
(Alex: Hey, did you happen to see [*] in the world?)

"The Most Beautiful Girl"

Triple Stumper

Scores at the first commercial break (after clue 13):

Jonathan Paul Jenny
$2,000 $500 -$300

Scores at the end of the Jeopardy! Round:

Jonathan Paul Jenny
$2,400 $900 $300

Double Jeopardy! Round responses

WORLD CAPITALS
LOUISIANIANS
PHOTOGRAPHY
ANIMALS
RELIGIOUS SYMBOLS
BEAUTIFUL "MUSIC"
    $200 6
Beirut

Jonathan
    $200 15
Huey Long

Jonathan
    $200 1
[Alex did not name the Mexican beaded lizard as the other one.]

gila monster

Paul
    $200 7
peacock

Jonathan
    $200 12
Rock and Roll Music

Paul
    $400 2
Cayenne

Paul
    $400 16
Jean Lafitte

Paul
    $400 8
6

Jonathan
    $400 14
Can't Stop the Music

Paul
    $600 3
Berlin

Jonathan
    $600 17
(Jonathan: What is Cajun?)
...
(Alex: Yes, the Cajuns came from Acadia.)

Creole

JonathanPaul
    $600 24
Life

Jonathan
    $600 9
the rock

Jonathan
    $800 4
Latvia, Lithuania & Estonia

Jonathan
    $800 18
shelling of Fort Sumter

Paul
    $800 22
(Paul: Who is John Muir?)
(Jonathan: Who is Theodore Roosevelt?)

Ansel Adams

JonathanPaul
Triple Stumper
    $800 20
(Paul: What, uh, are dodo birds?)

elephant birds

Paul
Triple Stumper
    $800 10
yin & yang

Jonathan
    $800 13
(Jonathan: What is [*] white boy?)

"Play That Funky Music"

Jonathan
    $1000 5
Argentina

Jonathan
    $1000 19
Lead Belly (Huddie Ledbetter)

Paul
    $1000 23
(Paul: What are [*]s?)
(Alex: [*], right. Jacques [*].)
[The man's first name was Louis.]

Daguerre

Paul
    $1000 21
(Alex: We've got less than a minute to go.)

hooves

Paul
    $1000 11
death

Jonathan
    $1000 25
[The end-of-round signal sounds.]

"I've Got the Music in Me"

Jonathan

Scores at the end of the Double Jeopardy! Round:

Jonathan Paul Jenny
$9,200 $5,300 $300

[wagering suggestions for these scores]

Final Jeopardy! Round responses

TV WESTERNS
JennyWhat are Bonanza & Big Valley?
$200
PaulWhat are Gunsmoke & Bonanza?
$5,300
JonathanWhat are "Gunsmoke &" Maverick?
$1,401
(2 of) Bonanza, Gunsmoke or Wagon Train

Final scores:

Jonathan Paul Jenny
$7,799 $10,600 $100
2nd place: Hotpoint cooking center & 12-piece Super Bra stainless steel cookware + Jeopardy! box game or computerized version New champion: $10,600 3rd place: Maxima AM/FM stereo system + Jeopardy! box game or computerized version

Game dynamics:

Coryat scores:

Jonathan Paul Jenny
$9,200 $6,100 $300
23 R
(including 2 DDs),
2 W
19 R,
5 W
(including 1 DD)
3 R,
2 W

Combined Coryat: $15,600

[game clues] [game scores] [suggest correction]

Game tape date: 1987-09-29
The J! Archive is created by fans, for fans. Scraping, republication, monetization, and malicious use prohibited; this site may use cookies and collect identifying information. See terms. The Jeopardy! game show and all elements thereof, including but not limited to copyright and trademark thereto, are the property of Jeopardy Productions, Inc. and are protected under law. This website is not affiliated with, sponsored by, or operated by Jeopardy Productions, Inc. Join the discussion at JBoard.tv.